Emoce a výkonnost

Bibliographic Details
Main Authors: Machač, Miloš, 1922-1992 (Author), Machačová, Helena (Author), Hoskovec, Jiří, 1933-2011 (Author)
Format: Book
Language:Czech
PhysicalDescription:283, [1] s. 8°
Published: Praha Státní pedagogické nakladatelství 1988
Edition:2. čes. vyd.
Series:Učebnice pro vysoké školy
Subjects:

MARC

LEADER 00000cam a2200000 a 4500
001 vtls001336321
003 SK-MaSNL
005 20260301200539.0
008 251113s1988 xr a 00000 cze
035 |a SNK000289308 
040 |a SNK  |b slo  |c SNK  |e AACR2 
041 0 |a cze 
044 |a xr  |c CZ 
080 |a 159.944  |2 1981 
100 1 |a Machač, Miloš,  |d 1922-1992  |4 aut  |9 198554 
245 1 0 |a Emoce a výkonnost  |c Miloš Machač, Helena Machačová, Jiří Hoskovec 
250 |a 2. čes. vyd. 
260 |a Praha  |b Státní pedagogické nakladatelství  |c 1988 
300 |a 283, [1] s.  |c 8° 
366 |e 4000 výtl. 
490 1 |a Učebnice pro vysoké školy 
650 0 7 |a výkonnosť  |x emocie  |x štúdie  |2 SNK  |9 579881 
700 1 |a Machačová, Helena  |4 aut  |9 386136 
700 1 |a Hoskovec, Jiří,  |d 1933-2011  |4 aut  |9 253745 
830 0 |a Učebnice pro vysoké školy  |9 286150 
852 |a Slovenská národná knižnica v Martine  |b 10000  |h IC 109079 
958 |a OND 
999 |c 890963  |d 892893 
952 |a SNK  |b SNK  |y VYP  |7 0  |p 17A0133729  |o snkIC 109079 D1  |i snkKIP 8270/88  |0 0  |1 1  |4 0  |d 1998-07-07  |l 0  |r 2005-01-02 00:00:00  |w 2026-02-24 
952 |a SNK  |b SNK  |y VYP  |7 0  |p 17A0188247  |o snkIC 109079  |i snkKIP 8269/88  |0 0  |1 0  |4 0  |d 1999-04-13  |l 0  |r 2005-01-02 00:00:00  |w 2026-02-24